Loreto College Library, Kolkata
WEBOPAC (ONLINE PUBLIC ACCESS CATALOGUE)

Coleridge o tar kobita (Record no. 2020)

MARC details
000 -LEADER
fixed length control field 00642nam a2200205Ia 4500
005 - DATE AND TIME OF LATEST TRANSACTION
control field 20220929141742.0
008 - FIXED-LENGTH DATA ELEMENTS--GENERAL INFORMATION
fixed length control field 131103s9999 xx 000 0 und d
020 ## - ISBN | অাই এস বি এন
ISBN | অাই এস বি এন 81-86946-61-6
PRICE Rs. 80
040 ## - CATALOGING SOURCE
Original cataloging agency Loreto College
041 ## - LANGUAGE CODE
Language code English
082 ## - DDC | ডিউই
Classification number | বর্গসংখ্যা 821.7
Book Number | গ্রন্থাঙ্ক COL-CHA
245 ## - TITLE STATEMENT | অাখ্যা বিবরণী
Title | অাখ্যা Coleridge o tar kobita
Statement of responsibility | লেখকের দায়িত্বের বিবরণ edited by Biswanath Chattopadhyay and Pradipranjan Sengupta
260 ## - IMPRINT | প্রকাশনা ক্ষেত্র
Place of publication | প্রকাশ স্থান Kolkata
Name of publisher | প্রকাশকের নাম Sahityalok
Date of publication | প্রকাশ কাল 2001
300 ## - PHYSICAL DESCRIPTION |
Page / Vol. No | পৃষ্ঠা / খন্ড সংখ্যা 138p, 21.5cm
504 ## - BIBLIOGRAPHY, ETC. NOTE
Bibliography, etc Includes bibliographical references.
650 ## - SUBJECT ADDED ENTRY--TOPICAL TERM | বিষয় শিরোনাম - মূল বিষয়
Topical term | মূল বিষয় Coleridge, Samuel Taylor-Criticism and Interpretation
700 ## - ADDED ENTRY--PERSONAL NAME | অতিরিক্ত সংলেখ - ব্
Personal name | ব্যাক্তিনাম Chattopadhyay, Biswanath ed.
850 ## - HOLDING INSTITUTION
Holding institution LCLIB
942 ## - ADDED ENTRY ELEMENTS (KOHA)
Koha item type Books
Holdings
Withdrawn status Lost status Source of classification Damaged status Not for loan Home library Current library Date acquired Total Checkouts Full call number Accession No. Date last seen Date checked out Price effective from Koha item type Coded location qualifier
    Dewey Decimal Classification     Loreto College Loreto College 04/11/2013 3 821.7 COL-CHA 42283 B896 05/02/2020 05/02/2020 04/11/2013 Books